| 000 | 00942nac a22002651u 4500 | ||
|---|---|---|---|
| 003 | EG-ScBUE | ||
| 005 | 20220104140129.0 | ||
| 008 | 100919n199u enk f 000 0 eng d | ||
| 040 |
_aEG-ScBUE _beng _erda _cEG-ScBUE _dEG-ScBUE |
||
| 082 | 0 | 4 |
_a823.912 _bDAN _222 |
| 100 | 1 |
_aDanby, John F. _q(John Francis) _eauthor. _919512 |
|
| 245 | 1 | 0 |
_aShakespeare’s doctrine of Nature : _ba study of King Lear / _cby John Francis Danby. |
| 264 | 1 |
_aLondon : _bFaber and Faber, _c[199-?] |
|
| 300 |
_a234 pages ; _b20 cm |
||
| 336 |
_2rdacontent _atext _btxt |
||
| 337 |
_2rdamedia _aunmediated _bn |
||
| 338 |
_2rdacarrier _avolume _bnc |
||
| 600 | 0 | 7 |
_aLear, _cKing of England (Legendary character) _2BUEsh |
| 650 | 7 |
_aEnglish fiction _xHistory and criticism. _2BUEsh _919513 |
|
| 651 | _2BUEsh | ||
| 653 |
_bHHUUEENN _cDecember2021 |
||
| 655 |
_vReading book _934232 |
||
| 942 |
_cBB _k823.912 DAN _2ddc |
||
| 999 |
_c3040 _d3040 |
||